[Event "Ostrava Cup"]
[Site "Ostrava"]
[Date "1998.??.??"]
[Round "6"]
[White "Shulman, Yuri"]
[Black "Oral, Tomas"]
[Result "1-0"]
[WhiteElo "2480"]
[BlackElo "2455"]
[Annotator "Shulman,Y"]
[PlyCount "51"]
[EventDate "1998.07.??"]
[EventType "tourn"]
[EventRounds "11"]
[EventCountry "CZE"]
[EventCategory "9"]
[SourceTitle "CBM 065"]
[Source "ChessBase"]
[SourceDate "1998.08.06"]
[SourceVersion "1"]
[SourceVersionDate "1998.08.06"]
[SourceQuality "1"]

1. d4 {Gelfand} Nf6 2. c4 g6 3. Nc3 d5 4. cxd5 Nxd5 5. e4 Nxc3 6. bxc3 Bg7 7.
Nf3 c5 8. Rb1 O-O 9. Be2 cxd4 10. cxd4 Qa5+ 11. Bd2 Qxa2 12. O-O a5 13. Bg5 a4
14. Re1 $1 $146 {B.Gelfand+A.Chernin,1992} Bg4 (14... Qe6 15. d5 $1 Qd6 (15...
Qxe4 16. Bb5 Qf5 17. Bxe7 a3 18. Bxf8 Bxf8 19. Bc4 Qf6 20. d6 $16) 16. e5 Bxe5
17. Nxe5 Qxe5 18. Qd2 Qd6 19. Bc4 Re8 20. Bf4 Qd8 21. Qc3 Nd7 22. Bb5 e5 23.
dxe6 Rxe6 24. Bc4 Qf6 25. Qd2 $16 {Gelfand,B-Leko,P,Cap d`Adge,1996,act.}) (
14... a3 15. Bxe7 (15. Rc1 Qe6 16. e5 Qd7 17. d5 h6 18. Bh4 g5 19. Bg3 Qa4 20.
Qd3 a2 21. Ra1 Na6 22. Rec1 Qa5 23. Qe4 Nb4 24. Bc4 b5 25. Bb3 Qa3 26. Nd4
Qxc1+ {0-1 Vidarte Morales,A-Kolev,At/Sitges op (03) ;EXT 93op 1993}) 15... Re8
16. Qc1 Be6 17. Rxb7 Rc8 18. Qf4 $16) 15. Bxe7 Re8 16. Ra1 Qe6 17. Ba3 (17. Bb4
Nc6 18. d5 Qxe4) 17... Qxe4 18. Ng5 Qf4 {[#]} (18... Qxe2 19. Rxe2 Bxe2 20. Qc2
$1 (20. Qd2 Bc4) 20... Nc6 (20... h6 21. Nxf7 Kxf7 22. Re1 $16) 21. Qa2 Nxd4
22. Qxf7+ Kh8 23. Bb2 (23. Rc1 Bg4 (23... Bb5 24. Bb2 (24. Qd5 h6 25. Nf7+ Kh7)
) 24. h3 $5 (24. Bb2 Rf8) 24... Ne2+ 25. Kh2 Nxc1 26. Bb2 Rg8 27. Qxb7 Raf8 28.
Bxc1 $16) 23... Rf8 24. Qa2 $5 (24. Qd5 Nf3+ 25. gxf3 Bxb2 26. Ra2 (26. Qxb7
Bg7) 26... Rf5 (26... a3 27. Qxb7 Bg7 28. Ne6) 27. Nf7+ Kg7 (27... Rxf7 28.
Qxf7 a3 29. Qxb7 Re8 30. Rxb2 axb2 31. Qxb2+ Kg8 32. Qb3+ Kf8 33. Kg2 $16) 28.
Ne5 Re8 29. Qxb7+ (29. Qd7+ Kf8) 29... Kg8 30. f4 a3 31. Qb3+ Kf8 (31... Kg7
32. Rxb2 axb2 33. Qxb2) 32. Rxa3 Bxe5 33. fxe5 Rg5+ 34. Kh1 Rgxe5 $14) 24... b5
(24... a3 25. Bxa3) (24... Bb5 25. Rd1 Rae8 26. h4 $16) 25. Nf7+ Rxf7 26. Qxf7
Nf3+ 27. gxf3 Bxb2 28. Qb7 $1 Re8 (28... Rg8 29. Rxa4) 29. Re1 a3 30. Qf7 Ra8
31. Rxe2 a2 32. Re7 a1=Q+ 33. Kg2 $18) 19. Bc4 $3 Nc6 (19... Be5 $5 20. Bxf7+ (
20. Nf3 Nc6 $17) (20. Qxg4 Qxg4 21. Bxf7+ Kg7 22. Bxe8 Qxg5 (22... Bf6 $44) 23.
Rxe5) 20... Kg7 (20... Kh8 21. dxe5 Bxd1 22. e6 Qf6 23. Raxd1 $18) 21. dxe5 $3
Bxd1 (21... Qxg5 22. Qd5) 22. Raxd1 (22. Bxe8 Bb3 23. Ne4 Nc6 24. Bxc6 bxc6 25.
e6 Bxe6 26. Bb2+ Kg8 $13) 22... Qxg5 (22... Nc6 23. Rd7 (23. Ne6+ Rxe6 24. Bxe6
Re8 (24... Rd8 25. Bd7 $16) 25. Rd7+ Kh8 26. Bf7 Rxe5 27. Bb2 a3 28. Ba1 Nd4
$13) 23... Qxg5 24. Bxe8+ {-22...Qg5}) (22... Rxe5 23. Ne6+ (23. Bb2 Qxg5 24.
Rxe5 Qxe5 25. Bxe5+ Kxf7 26. Rd8 a3 27. Rxb8 Rxb8 28. Bxb8 Ke6 29. f4 b5 30.
Kf2 b4 31. Ke3) 23... Rxe6 24. Bxe6 Qc7 25. Bb2+ (25. Bd6 Qa5 26. Be5+ Kf8)
25... Kh6 26. Rd3 Ra5 27. g4 Rc5 28. Bd4 (28. Bf6 g5 29. Bf5 Rxf5 30. gxf5 g4)
28... Qa5 29. Rh3+ Rh5 30. Re5) 23. Bxe8 Nc6 24. Rd7+ (24. Bxc6 bxc6 25. Rd7+
Kg8 26. e6) 24... Kh8 25. Bf7 $18) 20. Nxf7 $1 $18 Rxe1+ (20... Bxd1 21. Nd8+
Re6 22. Rxe6 Kh8 23. Re8+ Bf8 24. Nf7+ (24. Rxf8+ Qxf8 25. Bxf8 Rxd8 26. d5
Rxf8 27. dxc6 Bc2 28. cxb7 (28. Rc1 Be4 29. c7 Bf5) 28... Be4 29. Ba6 Rb8 30.
Rxa4 Bxb7 31. Rb4 Ra8 $11) 24... Kg7 25. Bxf8+ Kf6 26. Re6+ (26. Rxa8 $6 Qxd4
27. Rc1 Qd2 28. Rb1 (28. Bh6 Qe1+ 29. Bf1 Nd4) 28... Qe1+ 29. Bf1 Nd4 30. Rb6+
(30. Rb2 Kxf7) 30... Kf5 (30... Kxf7 31. Rxb7+ Kf6 32. Bg7+ Kf5 33. Bxd4 Be2
34. Rf8+) 31. Nh6+ Kg5 32. h4+ $18) 26... Kf5 27. Bh6 Qxd4 28. Nd6+ Kg4 29.
Re4+ $18) 21. Qxe1 Bxd4 22. Bc1 $1 (22. g3 Bxf2+ 23. Qxf2 Qxc4 24. Nh6+ Kg7 25.
Nxg4 (25. Qe3 Be6 26. Bb2+ Kf8 27. Rf1+ Ke8) 25... Qxg4 26. Bb2+ Kh6 27. Qf7
Nd4 28. Bc1+ g5 29. Qf6+ Kh5 30. Bb2 $16) 22... Qf6 (22... Qc7 23. Rxa4 Bxf2+ (
23... Rf8 24. Nh6+ Kh8 25. Nxg4 Ne5 26. Be3) 24. Kxf2 Qb6+ 25. Kg3 $18) (22...
Bxf2+ 23. Qxf2 Qxc4 24. Nh6+ Kg7 25. Bb2+ Kxh6 26. Qh4+ Bh5 27. Qxc4 $18) (
22... Qb8 23. Bh6 $18) 23. Nh6+ Kh8 24. Nxg4 Bxf2+ 25. Qxf2 Qxa1 26. Qb2+ 1-0

[Event "Minsk Boleslavsky Memorial"]
[Site "Minsk"]
[Date "1994.??.??"]
[Round "11"]
[White "Shulman, Yuri"]
[Black "Malisauskas, Vidmantas"]
[Result "1-0"]
[WhiteElo "2425"]
[BlackElo "2525"]
[Annotator "Shulman,Y"]
[PlyCount "81"]
[EventDate "1994.02.??"]
[EventType "tourn"]
[EventRounds "11"]
[EventCountry "BLR"]
[EventCategory "10"]
[SourceTitle "CBM 042"]
[Source "ChessBase"]
[SourceDate "1994.10.01"]
[SourceVersion "1"]
[SourceVersionDate "1994.10.01"]
[SourceQuality "1"]

1. d4 Nf6 2. c4 g6 3. Nc3 d5 4. cxd5 Nxd5 5. e4 Nxc3 6. bxc3 Bg7 7. Nf3 c5 8.
Rb1 O-O 9. Be2 b6 10. O-O Bb7 11. Qd3 Ba6 12. Qe3 Qd7 (12... cxd4 13. cxd4 Qd7
14. d5 (14. Bxa6 Nxa6 15. Qa3 (15. Ba3 Nc7 16. d5 Nb5 17. Bxe7 Rfe8 18. Bb4 a5
19. Bd2 Nd6 20. Qd3 Nxe4 21. Rxb6 $16 {Van Wely,L-Sokolov,I/NLD ch/1994/})
15... Nc7 (15... Qb7 $6 16. Bg5 $5 (16. Be3 e6 17. h4 Nb8 18. Qd3 Nc6 19. Rfd1
$1 $16 {Gaprindashvili,N-Angelova/Dubai ol/1986/} (19. h5 Rfd8 $10 {Cvitan,
O-Gavrikov,V/Vrsac/1985/})) 16... e6 17. d5 $5 (17. Rbd1 Rac8 18. Rd2 f6 19.
Bf4 Rc4 20. Bd6 Rfc8 21. e5 $14 {Sandstrom,L-Winge,S/SVE ch/1989/}) 17... exd5
18. exd5 Rfc8 19. Rfe1 Rc3 20. Rb3 Rxb3 21. axb3 $16 {Meister,P-Wegner,H/BRD/
1988/}) 16. Bb2 (16. Be3 f5 17. exf5 Rxf5 18. Rfe1 Bf6 19. Re2 {Ibadlaev,
U-Malisauskas,V/corr/1988/} Nd5 $13) 16... Nb5 (16... Rfc8 $6 17. d5 Qd6 {
Touzane,O-Anic,D/FRA(tch)/1991/} 18. Qxd6 exd6 19. Ba3 $16) 17. Qb4 (17. Qa4
Rfd8 {/\ Nd4}) 17... Rfc8 18. Rbc1 Nd6 $10 {Fahnenschmidt,G-Hort,V/BRD/1991/})
(14. h4 $5 e6 15. h5 Rc8 16. Bxa6 Nxa6 17. h6 Bh8 18. Bb2 Rc4 19. d5 $36 {
Schulte,O-Schlemermeyer,W/BRD/1989/}) (14. Ba3 Re8 (14... Bxe2 15. Qxe2 Rc8 (
15... Nc6 16. d5 Ne5 (16... Na5 17. Rfd1 Rfc8 18. e5 $1 {Gelfand}) 17. Nxe5 (
17. Nd2 g5 $1 $10) 17... Bxe5 18. f4 Bd6 (18... Bg7 19. Rbd1 Rac8 20. e5 $16)
19. Bb2 e6 {Gelfand,B-Groszpeter,A/Palma de Mallorca/1989/} 20. Qg4 $1 $16) 16.
d5 Qa4 17. Rb3 $14 (17. Bxe7 $6 Re8 18. d6 (18. Bb4 Nd7 $44) 18... Nc6 19. Bg5
h6 20. Be3 Rxe4 $10 {Kaczarowski,P-Schmidt,W/Katowice/1990/})) (14... Rc8 15.
Rfc1 Bxe2 16. Rxc8+ Qxc8 17. Qxe2 Qa6 18. Qxa6 Nxa6 19. Rc1 Kf8 {Chernin,
A-Ehlvest,J/Pamplona/1992/0,5 (20)}) 15. Rfc1 (15. d5 Bxe2 16. Qxe2 Qa4 17. Qe3
Nd7 18. Rfc1 Rac8 19. h3 Rxc1+ 20. Rxc1 Nf6 21. Nd2 Bh6 $1 22. Qxh6 Qxa3 $15 {
Gelfand,B-Malisauskas,V/Vilnius/1988/}) 15... Bxe2 16. Qxe2 e6 (16... Qa4 17.
Qd3 Nc6 18. d5 Ne5 19. Nxe5 Bxe5 20. g3 $1 Rad8 21. Rb4 Qa5 22. Rbc4 f5 23. Qb3
$1 $16 {Nesis,G-Soltau,A/URS/1991/}) 17. Rc3 (17. Rb4 Qb7 18. Rbc4 Na6 19. Bd6
Rac8 20. h4 Red8 21. Bg3 Rxc4 22. Qxc4 b5 23. Qd3 Nb4 24. Qb3 Na6 $13 {
Brenninkmeijer,J-De Boer,G/Eindhoven/1991/}) 17... Rc8 18. Rxc8+ Qxc8 19. Rc1
Qb7 (19... Qa6 20. Qe3 (20. Qxa6 $5 Nxa6 21. Kf1 $14) 20... Nd7 21. Rc7 Nf6 22.
Ne5 Rc8 $5 $10 {Dzhandzhava,L-Malisauskas,V/Uzhgorod/1988/}) 20. Qc4 Na6 21. h4
(21. d5 exd5 22. exd5 Rd8 23. d6 Nc5 $1 24. Bxc5 bxc5 25. Qxc5 Qa6 26. h4 Rxd6
27. Ng5 h6 $10 {Ivanov,Se-Pribyl,J/Leningrad/1989/}) 21... Rd8 {Khalifman,
A-Pribyl,J/Leningrad/1989/} 22. h5 $5 $36) 14... Rc8 (14... Bxe2 15. Qxe2 Qa4
16. Bg5 Re8 17. Rfc1 Na6 (17... Nd7) 18. Rc4 Qd7 19. Rd1 Nc5 20. e5 $14 {
Salov,V-Sokolov,I/Haifa/1989/}) (14... Qa4 15. Bxa6 Nxa6 16. Ba3 Nc5 17. e5 $5
(17. Bxc5 bxc5 18. Rb7 Rfe8 19. e5 Qxa2 20. Qxc5 a5 $10 {Lobron,E-Miralles,G/
Uzes/1990/}) 17... Rac8 18. Rfd1 Rfd8 {Khenkin,I-Miralles,G/Voskresensk/1990/
Inf 50/487/} 19. e6 Bf6 20. exf7+ Kxf7 {Miralles,G} 21. h4 $5 $40) 15. Bb2 Bxe2
16. Qxe2 Bxb2 17. Rxb2 Qa4 18. Ne5 f6 19. Qg4 Qe8 20. Qe6+ Kg7 21. f4 $40 {
~/= Huss,A-Sutter,O/Bad Ragaz/1994/}) 13. Rd1 (13. d5 Qa4 14. Bxa6 Nxa6 (14...
Qxa6 15. e5 $5 Qxa2 16. Qe4 $36) 15. e5 $5 Qxa2 16. Qe4 $44) (13. Bxa6 $5 Nxa6
14. Qe2 Qa4 15. Rb3 c4 (15... Nc7 16. d5 $16) 16. Rb1 $14) (13. dxc5 Bxe2 (
13... bxc5 $2 14. Rxb8 $1 Raxb8 15. Bxa6 Qa4 16. Qe2 Bxc3 17. Bc4 e6 18. e5 Rb4
19. Bb3 Qb5 20. Qe3 $18 {Gelfand,B-Sokolov,I/Oakham/1988/}) 14. Qxe2 bxc5 15.
Qc4 Qc7 (15... Qe6 16. Qxe6 (16. Qxc5 Qxe4 17. Ba3 Nc6 18. Rfe1 Qa4 $10) 16...
fxe6 17. Be3 Bxc3 18. Rfc1 Bf6 19. Rxc5 $14) 16. Qd5 Nc6 17. Qxc5 Rfc8 $44)
13... cxd4 (13... Qa4 14. Rd2 Bxe2 (14... Rc8 15. Bd1 Qa5 16. Bb3 $16) 15. Rxe2
(15. Qxe2 cxd4 16. cxd4 Rc8 17. Qd3 Nd7 (17... Qc4 18. Qa3 Nc6 19. Bb2 $14 {
/\ Rc1,Rdc2}) 18. Ba3 e6 19. h4 $36) 15... Rc8 16. d5 Nd7 17. Qd3 c4 18. Qd2
Nc5 19. Rb4 Qa6 $13) 14. cxd4 Rc8 $6 (14... Qa4 15. Bd2 (15. Rd2 $5 Bxe2 16.
Rxe2 Rc8 17. Ba3 $14) (15. Rb3 Qxa2 16. Rd2 Qa4 17. Ra3 Qc6 18. Bb2 Bxe2 19.
Qxe2 Rc8 20. Rc3 Qb7 21. Rxc8+ Qxc8 22. e5 Qf5 23. h3 Nd7 24. g4 Qb1+ 25. Kg2
Nf8 26. d5 $44 {Lieb,H-Doncevic,D/BRD/1990/}) 15... Bxe2 16. Qxe2 Rc8 17. e5
Na6 18. e6 $5 f6 19. d5 Qc4 20. Qxc4 Rxc4 21. Rbc1 {=/+ Krasenkov/} Rxc1 {
Lputian,S-Zilberstein,V/Blagoveshchensk/1988/} 22. Bxc1 $14) 15. Bxa6 Nxa6 16.
Qb3 (16. Qa3 Nc7 (16... Qb7 17. Bg5 h6 18. Bxe7 Re8 19. Bd6 Rxe4 20. d5 Rd8 21.
Bg3 $16) (16... Nb8 17. Bf4 Nc6 18. d5 Na5 19. e5 $16) 17. Qb3 (17. Be3 $6 Nb5
18. Qa4 a6 19. Rbc1 Qb7) (17. Bb2 Nb5 18. Qd3 {Khalifman,A-Epishin,V/Leningrad/
1988/} e6 $10 {Khalifman/}) 17... Ne6 18. e5 Nc7 19. d5 e6 20. d6 Nd5 21. Bb2
Rc5 $14) 16... Qb7 (16... Qc6 17. d5 (17. Ba3 Qxe4 18. Re1 Qc2 19. Bxe7 Qxb3
20. Rxb3 Nc7 $10) 17... Qc2 (17... Qb7 18. e5 Nc5 19. Qb4 Qa6 20. Bg5 $16) 18.
e5 Qxb3 19. axb3 $16) 17. Re1 (17. d5 Nc5 18. Qb4 Qa6 19. Bg5 $13) (17. Qd3 Rd8
{/\Nc5}) (17. Ng5 Rf8 (17... e6 18. d5 Rc3 19. Qb5 h6 20. Nf3 Rc5 21. Qd3 $16)
18. Re1 h6 19. Nf3 Rac8 $14) 17... e6 $2 (17... Rc6 18. Bb2 Rac8 19. d5 Rc5 20.
Bxg7 Kxg7 21. Nd4 $16) (17... Rd8 18. Qa4 Rac8 19. Bf4 Nb8 $14) 18. Bf4 $16 Nb8
(18... Rd8 19. Rbd1 Rac8 20. d5 $16 Rc3 $140 $2 21. dxe6 $1) 19. d5 exd5 20.
exd5 Nd7 21. d6 Nc5 (21... Re8 22. Rbc1 $16) 22. Qe3 Ne6 23. Be5 Rd8 24. Rbd1
Rac8 25. Qd2 Rc5 26. d7 Qc6 27. Bxg7 Nxg7 28. Ne5 Qe6 29. Qf4 (29. f4 $5) 29...
Nh5 30. Qd4 Qf6 31. g3 (31. Nxg6 Qxd4 32. Ne7+ Kf8 33. Rxd4 Rc7 34. Rg4 Nf6 $10
) 31... Ng7 32. Qe4 h5 33. h4 g5 $2 (33... Kh8 $2 34. Rd6 $18) (33... Kh7 34.
Rd3 Nf5 $140 $2 35. Nxf7 $1 Qxf7 36. Qe8 $1 Qg8 37. Qxd8 Qxd8 38. Re8 Rc1+ 39.
Kh2 $18) 34. hxg5 $18 Qxg5 35. Nc6 h4 36. Nxd8 hxg3 37. f4 Qh4 38. Rd2 g2 39.
Rxg2 Rc4 40. Qxc4 Qxe1+ 41. Qf1 1-0

[Event "Pardubice KB op"]
[Site "Pardubice"]
[Date "1999.??.??"]
[Round "7"]
[White "Shulman, Yuri"]
[Black "Votava, Jan"]
[Result "1/2-1/2"]
[WhiteElo "2559"]
[BlackElo "2497"]
[Annotator "Shulman/Kapengut"]
[PlyCount "122"]
[EventDate "1999.07.11"]
[EventType "swiss"]
[EventRounds "9"]
[EventCountry "CZE"]
[SourceTitle "EXT 2000"]
[Source "ChessBase"]
[SourceDate "1999.11.16"]
[SourceVersion "1"]
[SourceVersionDate "1999.11.16"]
[SourceQuality "1"]

1. d4 Nf6 2. c4 g6 3. Nc3 d5 4. cxd5 Nxd5 5. e4 Nxc3 6. bxc3 Bg7 7. Nf3 c5 8.
Rb1 O-O 9. Be2 cxd4 10. cxd4 Qa5+ 11. Bd2 Qxa2 12. O-O Bg4 13. Bg5 h6 14. Bh4
g5 15. Bg3 Nc6 16. d5 Rad8 17. Rxb7 f5 (17... e6 18. Bc7 exd5 19. Bxd8 dxe4 (
19... Nxd8 20. Rb8 dxe4 21. Rxd8 $16) 20. Be7 (20. Bc7 $16) 20... Re8 (20...
Nxe7 21. Rxe7 (21. Nd4 $5) 21... exf3 22. Bxf3 Bxf3 23. Qxf3 a5 $1 $132 {
A.Chernin}) 21. Bc5 Rd8 22. Qb3 Qxb3 23. Rxb3 Rd5 24. Ba3 exf3 25. Bxf3 Bxf3
26. Rxf3 Nd4 27. Re3 Nc2 28. Re8+ $16 {Chernin,A-Horvath,J/HUN-ch 1992}) 18.
Rc7 $1 ({We don't think that} 18. dxc6 {deserves serious attention, after:}
Rxd1 19. Bxd1 Qa6 20. Bb3+ Kh8 21. exf5 Bxf3 22. gxf3 Qxc6 23. Rxe7 Qxf3 24.
Bc2 h5 25. Be4 Qc3 {White in the game Halkias,S-Fontaine,R/ Patras GRE 1999
had to prove that he has enough compensation for sacrificed material.}) ({
Just equal position arises after A. Chernin's recommendation} 18. Qe1 Bxf3 19.
Bxf3 Nd4 20. exf5 Nxf3+ 21. gxf3 Qxd5 22. Rxa7 Rxf5 $11) (18. Bc7 fxe4 $1 {
Chernin,A}) 18... fxe4 19. Rxc6 exf3 20. Bc4 $1 {[%cal Ya2g8]} (20. gxf3 {
looks like has less sence than 20.Bc4, because white could not attack black
bishop on g4 anymore, and it can feel itself very comfortable on h3} Bh3 (20...
Bh5 $5 {[%csl Rf3]}) 21. Bc4 Qa3 22. Re1 Kh8 {and the evaluation of the
position is not so unambiguous}) 20... Qa3 $1 (20... Qb2 21. Re1 ({Unnecessary
was the queen sacrifice after} 21. d6+ $6 Kh8 22. dxe7 Rxd1 23. exf8=Q+ Bxf8
24. Rxd1 fxg2 25. Re1 Qd2 {and Black has interesting counterplay}) 21... e6 22.
d6 $16 {[%csl Yd6,Re6]}) 21. Re1 Kh8 ({After} 21... Kh7 22. d6 exd6 {White has
an pleasant choice between 23.Rc7 and 23. Bd6:} 23. Bxd6 (23. Rc7 Rfe8 24. Rxe8
Rxe8 25. Bxd6 $36) 23... Rxd6 24. Rxd6 fxg2 25. Qd3+ Qxd3 26. Bxd3+ Kh8 27.
Kxg2 $14) 22. Rxh6+ $5 {[%mdl 64]} (22. Be5 $6 Bxe5 23. Rxe5 Rf6 $13) (22. h4
$5 {was intersting, but the continuation in the game would have given White
perfect prospects.}) (22. Re3 $4 Qxe3 $19) 22... Bxh6 23. Qd4+ Bg7 (23... Rf6 {
also didn't help:} 24. Be5 Bg7 25. Qxg4 (25. Bxf6 Bxf6 26. Qxg4 Qc3 27. Qe4 $40
fxg2 $2 28. Re3) 25... Qb4 26. Rd1 Rf7 27. d6 $40 {and it is very tough to
find suficient defence from White threats}) 24. Qxg4 Rc8 25. Qh3+ Kg8 26. Qe6+
Kh8 27. Qh3+ Kg8 28. Qe6+ Kh8 29. d6 (29. Be5 $6 Bxe5 30. Qxe5+ Rf6) 29... Rxc4
30. dxe7 $2 {This move spoilt all white efforts} ({After} 30. Be5 $1 {[%csl
Rh8] Black would have had unpleasant choice :} Kh7 (30... Bxe5 31. Qxe5+ Kh7
32. Qxe7+ Kg8 33. Qxg5+ Kh8 34. Qe5+ Kh7 35. Qh5+ Kg8 (35... Kg7 36. Re7+) 36.
Qd5+ {and extra pawn and open position of Black king would be enough advantage
for win.}) 31. Bxg7 Kxg7 32. Qxe7+ $1 Rf7 (32... Kg8 33. Qxg5+ $18) 33. Qxg5+
Kh7 (33... Kf8 34. Qh6+ Rg7 35. Qh8+ Kf7 36. Re7+ $18) 34. Qh5+ Kg7 35. Qe5+
Kg8 (35... Kg6 36. Qe6+) (35... Kh7 36. d7 Qf8 37. Qh5+ Kg8 38. Qg5+ Rg7 39.
Qd5+ $18) 36. Qe8+ Kg7 37. d7 {and black is in trouble}) 30... Rc1 $1 {After
that White has a lot of possibilities but all of them give extra pawn and no
chances for a win.} 31. Qh3+ Kg8 32. Qe6+ Kh8 33. exf8=Q+ (33. e8=Q $6 Rxe8 34.
Qxe8+ Kh7 35. Qe4+ (35. gxf3 Rxe1+ 36. Qxe1 Qxf3 37. Qa5 g4 $11) 35... Kh8 $11)
33... Bxf8 34. gxf3 (34. Be5+ Kh7 35. Qf7+ Kh6 36. Qf6+ Kh7 $11 {gave white no
more than perpetual}) 34... Rxe1+ 35. Qxe1 Qxf3 {Otherwise White sooner or
later could change f3-pawn for g5-pawn anytime he wants.} 36. Qe5+ {36. Qa1
didn't give even any chance for a win.} Kg8 (36... Bg7 37. Qxg5 Qf6 {looks
better, because then Black pieces have more coordination}) 37. Qxg5+ Kf7 ({
I would have prefered} 37... Bg7 {because luckyly White has no} 38. Be5 $4 Qd1+
39. Kg2 Qd5+) 38. Qa5 Qd1+ 39. Kg2 Qd4 40. h4 Bg7 ({Black could also try} 40...
Bc5 41. Qc7+ Kg8) 41. f3 Qb6 42. Qa2+ $6 ({Of course endgame is drawish, but I
could make Black to solve some problems:} 42. Qd5+ Qe6 43. Qb7+ Qe7 44. Qa6 Qc5
$1 45. Bf2 Bd4 46. Qb7+ Kf6) 42... Ke7 $11 {Now Black could easily defend his
position. White can't change bishops, because then Black would have perfect
possibilities for perpetual, and White can't change the queens, because in
bishop's endgame white has no time to eliminate a-pawn and to defend his own.
So I didn't see any plan for win. So I tried to push my passed h-pawn, but of
course it had no any success.} 43. Qd5 a6 44. h5 Qe6 45. Qd2 Kf7 46. Bf4 Be5
47. Bg5 Bf6 48. Be3 Qe5 49. Qa2+ Qe6 50. Qa3 Qc4 51. Qd6 Qb5 52. Qc7+ Be7 53.
Qf4+ Bf6 54. Qc7+ Be7 55. Qf4+ Bf6 56. h6 Qe2+ 57. Bf2 Qe5 58. Qc4+ Kg6 59.
Qxa6 Kxh6 60. Bh4 Kg7 61. Bxf6+ Qxf6 1/2-1/2

[Event "RUS-ch"]
[Site "Elista"]
[Date "1996.??.??"]
[Round "1"]
[White "Solozhenkin, Evgeniy"]
[Black "Beshukov, Sergei"]
[Result "1-0"]
[WhiteElo "2565"]
[BlackElo "2460"]
[Annotator "Solozhenkin,E"]
[PlyCount "91"]
[EventDate "1996.10.15"]
[EventType "swiss"]
[EventRounds "11"]
[EventCountry "RUS"]
[SourceTitle "CBM 056"]
[Source "ChessBase"]
[SourceDate "1997.02.01"]
[SourceVersion "1"]
[SourceVersionDate "1997.02.01"]
[SourceQuality "1"]

1. d4 {Chekhov Ftacnik} Nf6 2. c4 g6 3. Nc3 d5 4. cxd5 Nxd5 5. e4 Nxc3 6. bxc3
Bg7 7. Nf3 c5 8. Rb1 O-O 9. Be2 cxd4 10. cxd4 Qa5+ 11. Bd2 Qxa2 12. O-O b6 13.
Qc1 Bb7 14. Bc4 Qa4 15. Bb5 Qa2 16. Bc4 Qa4 17. Bb5 Qa2 18. Re1 Rc8 19. Qd1 Qc2
20. Qe2 Nc6 (20... Qc7 $5 {Chekhov} 21. Rbc1 Qd8 22. Rxc8 Qxc8 (22... Bxc8 23.
Bc4 a5 24. Ng5 e6 25. d5 h6 26. dxe6 hxg5 27. exf7+ Kf8 28. e5 $36 {Sherbakov,
R-Konguvel,P/Calcutta/1996/1|0/38/}) 23. Rc1 Qd8 24. Bf4 a5 25. Ng5 Na6 26. Qa2
e6 27. Bxa6 Bxa6 28. Nxf7 $1 $16 {Khalifman,A-Dvoirys,S/Leningrad/1990/1|0/48/}
) 21. Bd3 (21. Rec1 {Ftacnik} Qa2 22. Bc4 Nxd4 23. Nxd4 Rxc4 24. Qxc4 Qxd2 25.
Nc6 (25. Rd1 $6 Qf4 26. f3 $2 (26. Re1 Rc8 $15) 26... Be5 27. g3 (27. h3 Qh2+
28. Kf1 Rc8 29. Qa2 $8 a5 30. Ne2 Ba6 31. Kf2 Bxe2 32. Qxe2 Rc3 33. Rd3 Rxd3
34. Qxd3 Bg3+ 35. Ke3 Qxg2 $19) 27... Qe3+ 28. Kg2 Rc8 29. Nc2 Qxf3+ 30. Kxf3
Rxc4 $19 {0-1 De Boer,G-Rytshagov,M/Amsterdam op/1995/ (37)}) (25. Nf3 $13)
25... Qd7 26. Qd5 Bxc6 27. Rxc6 Qxd5 28. exd5 Be5 29. Kf1 Bd6 30. Ra1 {1/2-1/2
Tratar,M-Jelen,Ig/SLO-ch 1996}) (21. d5 $13 {Ftacnik}) 21... Qa2 22. Ra1 (22.
Bc4 Qa4 (22... Qa3 23. Bxf7+ Kxf7 24. Qc4+ $13) 23. Bb3 (23. Bb5 Qc2 (23... Qa2
{Chekhov} 24. Bc4 $10 {Khalifman,A-Oll,L/Parnu/1996/0,5/24/}) 24. Bd3 {1/2-1/2
Khalifman,A-Oll,L/Parnu-A (08)/1996/}) 23... Qa6 24. Qe3 e6 (24... Na5 $14) (
24... Rf8 $14) (24... Na5 {Ftacnik} 25. Bxf7+ Kxf7 26. Ng5+ Kg8 27. Qh3 h6 28.
Qe6+ Kh8 29. Nf7+ (29. Re3 b5 30. Nf7+ Kh7 31. Ng5+ Kh8 32. Nf7+ Kh7 33. Ng5+ {
0,5/Lautier,J-Shirov,A/Belgrade/1995/}) 29... Kh7 30. Bxh6 Qc4 31. d5 {Lobron,
E-Konguvel,P/Linares op/1996/}) (24... Rf8 25. Ra1 Na5 $6 (25... Qb5 26. Reb1
Qh5 27. h3 e6 $5 $13) 26. Reb1 Rac8 $2 27. Bd1 $1 $18 {Komarov,D-Liss,E/Paris/
1996/})) 22... Qb2 (22... Qb3 $2 23. Reb1 (23. Bc4 Qb2 24. Ra2 Nxd4 $1) 23...
Qe6 24. d5 $18) 23. Ra4 $146 {Khalifman} (23. Reb1 $2 {Chekhov} Nxd4 $1 $19)
23... Qb3 $8 (23... b5 {Ftacnik} 24. Bxb5 a6 25. Bd3 $14) 24. Rea1 Nd8 (24...
Na5 25. Rxa5 (25. Bxa5 {Chekhov} bxa5 26. Rxa5 $16) (25. Rb4 Qe6 26. Rxa5 bxa5
27. Rxb7 $16) 25... bxa5 26. Rb1 Qa2 27. Rxb7 a4 28. h4 a3 29. Kh2 $14) (24...
a5 $2 {Ftacnik} 25. R1a3 $1 Qb2 26. Ra2 Qb3 27. R4a3 Qe6 28. d5 $16) 25. R4a3 (
25. Rxa7 {Chekhov} Rxa7 (25... Nc6 26. Rxa8 Rxa8 27. Rb1 $16) 26. Rxa7 Qb2 (
26... Ra8 $5) 27. d5 Ra8 28. Rxa8 Bxa8 29. Be3 $16) 25... Qe6 (25... Qb2 $2 {
Chekhov} 26. R1a2 Rc1+ 27. Bxc1 Qxc1+ 28. Qf1 $18) 26. Rxa7 Rxa7 $2 (26... Qd6
27. Be3 Nc6) 27. Rxa7 Qd6 28. Be3 (28. d5 {Chekhov} e6 $5) 28... e6 29. h4 Rc7
{Ftacnik: Black has only one serious weakness Pb6, but white firmly controls
the center. Ftacnik: Schwarz hat nur eine ernsthafte Schwäche Pb6, aber Weiß
beherrscht das Zentrum.} (29... Ra8 30. Rxa8 Bxa8 31. Qa2 Qb8 (31... Bb7 32.
Qa7) 32. d5) (29... h5 30. Qb2 $1 {/\ Nf3-d2-c4}) 30. Ra4 (30. Qd2 $6 Nc6 31.
Bf4 $140 e5) (30. Qb2 $1 Bf8 (30... Bc8 {Ftacnik} 31. Ra4 $14) 31. Qd2 $1 {
/\ 32.Bf4}) (30. h5 $6 {Chekhov} Bxe4 $1 31. Rxc7 Bxd3 32. Qxd3 Qxc7 $17) 30...
Nc6 31. Qb2 Ne7 32. Rb4 Nc8 33. Qd2 Bf8 (33... f5 $4 {Chekhov} 34. Bf4 $18) 34.
Rb3 Qc6 35. h5 Qa4 (35... gxh5 $2 36. Rb5 (36. Rb5 {Ftacnik} Nd6 37. Rg5+ Bg7
38. d5 $16)) 36. Rb2 Nd6 37. Bf4 $1 (37. Rxb6 {Chekhov} Nxe4 38. Bxe4 Bxe4 39.
Rb8 Rb7 $22 40. Rc8 Qd7 41. Qc3 Rb1+ 42. Kh2 Bxf3 43. Bh6 Qd6+ $19) 37... Nc4 (
37... Qa5 $142) (37... Qa5 $5 {Ftacnik} 38. hxg6 hxg6 39. Qe2 $14) 38. Bxc4
Rxc4 39. Rxb6 Bxe4 {ATTACK} 40. Rb8 $1 $18 {Ftacnik: Now the game is decided
in the direct attack. Ftacnik: Jetzt wird das Spiel durch einen direkten
Angriff entschieden.} Qa1+ (40... Qa6 41. Ng5 $1 Qa1+ 42. Kh2 Rxd4 43. Nxe6 $1
fxe6 44. Bh6 $18) (40... Bxf3 {Chekhov} 41. Bh6 $18) 41. Kh2 Qa6 42. Ng5 (42.
Bh6 $4 Qd6+) 42... Bf5 43. Nxh7 Rc8 (43... Kxh7 {Ftacnik} 44. Rxf8 $16 (44.
Rxf8 {Chekhov} Qb7 45. Be5 $18)) 44. Nf6+ Kh8 (44... Kg7 $2 {Ftacnik} 45. Bh6+
Kh8 46. Bxf8 $18) 45. Rxc8 Qxc8 46. Be5 (46. Be5 {Ftacnik} gxh5 (46... Bg7 {
Chekhov} 47. Qg5 $22 Qc2 48. hxg6 Bxg6 49. Qh4+ Bh7 50. f4 $18) 47. Qg5 Bg6 48.
Ng8+ $1 Kh7 (48... Kxg8 49. Qf6) 49. Qf6 $18) 1-0